La doctrina colonial de Francisco de Vitoria o el derecho de la paz y de la guerra

Guardat en:
Dades bibliogràfiques
Autor principal: Rodríguez Molinero, Marcelino (Autor)
Format: Llibre
Idioma:espanyol
Publicat: Salamanca Librería Cervantes 1998
Edició:2a. ed
Matèries:
Etiquetes: Afegir etiqueta
Sense etiquetes, Sigues el primer a etiquetar aquest registre!

MARC

LEADER 00000nam a2200000 a 4500
001 UCP1243
003 CL-VaPUC
008 990401e19980000SP |||||||||||||||||spa|d
082 0 4 |a 341.6  |b ROD  |2 21 
100 0 |a Rodríguez Molinero, Marcelino  |e author  |9 427194 
245 1 3 |a La doctrina colonial de Francisco de Vitoria o el derecho de la paz y de la guerra 
250 |a 2a. ed 
300 |a 141 p 
942 |c BK 
945 |d 19990401 00:00:00  |a aarredon 
260 |a Salamanca  |b Librería Cervantes  |c 1998 
650 7 |a DERECHO  |2 CL-VaPUC  |9 427195 
650 0 |a Guerra  |9 255876 
650 0 |a Derecho internacional  |9 255637 
650 0 |a Colonización  |9 265172 
583 |a last modification  |c 19990401 00:00:00  |k Rodrigo Vera 
999 |c 279945  |d 279943 
952 |0 0  |1 0  |4 0  |6 341_600000000000000_ROD_1998  |7 0  |8 A  |9 319886  |a BIBDER  |b BIBDER  |d 2019-11-20  |i 3489787  |o 341.6 ROD 1998  |p 3489787  |r 2023-01-25  |w 2019-11-20  |y BK  |k DER